<?xml version="1.0" encoding="UTF-8"?>
<record
    xmlns:xsi="http://www.w3.org/2001/XMLSchema-instance"
    xsi:schemaLocation="http://www.loc.gov/MARC21/slim http://www.loc.gov/standards/marcxml/schema/MARC21slim.xsd"
    xmlns="http://www.loc.gov/MARC21/slim">

  <leader>01755nam a2200289   4500</leader>
  <controlfield tag="003">OSt</controlfield>
  <controlfield tag="005">20260507075236.0</controlfield>
  <controlfield tag="008">260507b        |||||||| |||| 00| 0 aze d</controlfield>
  <datafield tag="020" ind1=" " ind2=" ">
    <subfield code="a">9789952575484</subfield>
  </datafield>
  <datafield tag="040" ind1=" " ind2=" ">
    <subfield code="a">AZ-XaKU</subfield>
    <subfield code="b">aze</subfield>
    <subfield code="c">AZ-XaKU</subfield>
  </datafield>
  <datafield tag="041" ind1="0" ind2=" ">
    <subfield code="a">aze</subfield>
  </datafield>
  <datafield tag="050" ind1="0" ind2="4">
    <subfield code="a">GE195 .Ec735 2024</subfield>
  </datafield>
  <datafield tag="100" ind1="1" ind2=" ">
    <subfield code="a">M&#x259;mm&#x259;dov, Nizami,</subfield>
    <subfield code="e">m&#xFC;&#x259;llif</subfield>
  </datafield>
  <datafield tag="245" ind1="1" ind2=" ">
    <subfield code="a">Ekoloji sivilizasiyan&#x131;n astanas&#x131;nda</subfield>
    <subfield code="c">/ Nizami M&#x259;mm&#x259;dov, Sevda M&#x259;mm&#x259;d&#x259;liyeva ; redaktor Urxan &#x18F;l&#x259;kb&#x259;rov</subfield>
  </datafield>
  <datafield tag="264" ind1=" " ind2=" ">
    <subfield code="a">Bak&#x131;:</subfield>
    <subfield code="b">"&#x15E;&#x259;rq-Q&#x259;rb",</subfield>
    <subfield code="c">2024.</subfield>
  </datafield>
  <datafield tag="300" ind1=" " ind2=" ">
    <subfield code="a">156 s&#x259;hif&#x259; ;</subfield>
    <subfield code="b">&#x15F;&#x259;kil,</subfield>
    <subfield code="c">24 sm.</subfield>
  </datafield>
  <datafield tag="336" ind1=" " ind2=" ">
    <subfield code="a">text</subfield>
    <subfield code="b">txt</subfield>
    <subfield code="2">rdacontent</subfield>
  </datafield>
  <datafield tag="337" ind1=" " ind2=" ">
    <subfield code="a">unmediated</subfield>
    <subfield code="b">n</subfield>
    <subfield code="2">rdamedia</subfield>
  </datafield>
  <datafield tag="338" ind1=" " ind2=" ">
    <subfield code="a">volume </subfield>
    <subfield code="b">nc</subfield>
    <subfield code="2">rdacarrier</subfield>
  </datafield>
  <datafield tag="504" ind1=" " ind2=" ">
    <subfield code="a">&#x18F;d&#x259;biyyat: s. 152-153</subfield>
  </datafield>
  <datafield tag="505" ind1="0" ind2=" ">
    <subfield code="a">Elmi-texniki t&#x259;r&#x259;qqinin etik t&#x259;nziml&#x259;yicil&#x259;ri: k&#xF6;hn&#x259; problem&#x259; yeni bax&#x131;&#x15F; -- Enerji v&#x259; iqlim d&#x259;yi&#x15F;ikliyi -- &#x130;qlim d&#x259;yi&#x15F;ikliyinin s&#x259;b&#x259;bl&#x259;ri haqq&#x131;nda -- Atmosferin &#xE7;irkl&#x259;nm&#x259;si v&#x259; "istixana effekti" -- &#x130;qlim idar&#x259;etm&#x259;sinin iqtisadi metodlar&#x131; -- &#x130;qlim d&#x259;yi&#x15F;ikliyi v&#x259; enerjinin innovativ inki&#x15F;af&#x131; -- Hidrogen enerjisi: tarix v&#x259; m&#xFC;asirlik -- Ya&#x15F;&#x131;l enerjiy&#x259; ke&#xE7;idin texnoloji &#x259;saslar&#x131;: r&#x259;q&#x259;msalla&#x15F;ma -- Ya&#x15F;&#x131;l enerjinin geosiyasi konteksti -- Ya&#x15F;&#x131;l enerjinin Az&#x259;rbaycan modeli -- Davaml&#x131; inki&#x15F;afa ke&#xE7;id &#x2013; ekoloji sivilizasiyan&#x131;n formala&#x15F;mas&#x131;n&#x131;n ilkin &#x15F;&#x259;rtidir -- &#x130;deyadan reall&#x131;&#x11F;a &#x2013; BMT-nin illik iqlim konfranslar&#x131;. Bak&#x131;: COP29 -- Yusuf M&#x259;mm&#x259;d&#x259;liyev v&#x259; Turhan Nejat V&#x259;ziro&#x11F;lunun hidrogen energetikas&#x131;n&#x131;n inki&#x15F;af&#x131;na verdikl&#x259;ri t&#xF6;hf&#x259;l&#x259;r haqq&#x131;nda -- &#x18F;lav&#x259;l&#x259;r.</subfield>
  </datafield>
  <datafield tag="650" ind1=" " ind2="7">
    <subfield code="a">&#x130;qtisadiyyat</subfield>
    <subfield code="2">AZ-XaKU</subfield>
  </datafield>
  <datafield tag="700" ind1="1" ind2=" ">
    <subfield code="a">M&#x259;mm&#x259;d&#x259;liyeva, Sevda,</subfield>
    <subfield code="e">m&#xFC;&#x259;llif.</subfield>
  </datafield>
  <datafield tag="700" ind1="1" ind2=" ">
    <subfield code="a">&#x18F;l&#x259;kb&#x259;rov, Urxan,</subfield>
    <subfield code="e">redaktor.</subfield>
  </datafield>
  <datafield tag="942" ind1=" " ind2=" ">
    <subfield code="c">BOOK</subfield>
  </datafield>
  <datafield tag="999" ind1=" " ind2=" ">
    <subfield code="c">385</subfield>
    <subfield code="d">385</subfield>
  </datafield>
  <datafield tag="952" ind1=" " ind2=" ">
    <subfield code="0">0</subfield>
    <subfield code="1">0</subfield>
    <subfield code="2">lcc</subfield>
    <subfield code="4">0</subfield>
    <subfield code="7">0</subfield>
    <subfield code="a">KU</subfield>
    <subfield code="b">KU</subfield>
    <subfield code="d">2026-05-07</subfield>
    <subfield code="l">0</subfield>
    <subfield code="o">GE195 .Ec735 2024</subfield>
    <subfield code="p">0000000317</subfield>
    <subfield code="r">2026-05-07 07:57:30</subfield>
    <subfield code="t">1</subfield>
    <subfield code="w">2026-05-07</subfield>
    <subfield code="y">BOOK</subfield>
  </datafield>
</record>
